Normal view
MARC view
Entry Personal Name
001 - CONTROL NUMBER
- control field: 2658
003 - CONTROL NUMBER IDENTIFIER
- control field: ARRUPE
005 - DATE AND TIME OF LATEST TRANSACTION
- control field: 20131022172144.0
008 - FIXED-LENGTH DATA ELEMENTS
- fixed length control field: 131022|| aca||aabn | a|a d
040 ## - CATALOGING SOURCE
- Original cataloging agency: ARRUPE
- Transcribing agency: ARRUPE
100 ## - HEADING--PERSONAL NAME
- Personal name: Bush, Michael D.,
- Titles and other words associated with a name: pastor.
670 ## - SOURCE DATA FOUND
- Source citation: Work cat.: (ARRUPE)0: This incomplete one :, c2006.